| 000 | 00526nam a2200229Ia 4500 | ||
|---|---|---|---|
| 008 | 210210b2001 xxu||||| |||| 00| 0 eng d | ||
| 020 | _a8177551515 | ||
| 041 | _aeng | ||
| 082 | _a306.6 NAYS | ||
| 100 | _aNAYAR (V G) | ||
| 245 | _aSociology of religion in India | ||
| 260 |
_aNew Delhi _bCosmo Publications., _c2001 |
||
| 300 | _avii,338 | ||
| 650 | _aSociology | ||
| 650 | _areligion | ||
| 650 | _aof | ||
| 650 | _aIndia | ||
| 650 | _ain | ||
| 690 | _aReligion | ||
| 700 | _aNAYAR (M G) Ed | ||
| 906 | _a064252 | ||
| 999 |
_c140282 _d140282 |
||